Children's planet earth encyclopedia

Bibliographic Details
Main Author: Green, Jen
Format: Book
Published: Bath : Parragon Publishers , 2008
Subjects:

MARC

LEADER 00000cam a2200000 7i4500
001 0000027544
005 20151222.0
008 090910
020 |a 1407513102 
090 0 0 |a SC   |b ENG 
100 1 |a Green, Jen 
245 1 0 |a Children's planet earth encyclopedia   |c Jen Green 
260 |a Bath :   |b Parragon Publishers ,   |c 2008 
500 |a Children ages 10-12 years old (pink) 
650 0 |a Earth   |x juvenile literature 
650 0 |a Earth   |x miscellanea   |x juvenile literature 
999 |a 0001039626   |b Book   |c Children Collection   |e Cawangan AEON Kulaijaya